000 00579nam a2200181Ia 4500
008 090124s9999 xx 000 0 und d
082 _b16565
100 _aदेसाई नयनतारा
245 _a वऴू नको माघारी
250 _a1
260 _bपरिमल प्रकाशन
_c1982
300 _a167
600 _aदेसाई नयनतारा
630 _a वऴू नको माघारी
700 _aदेसाई नयनतारा
730 _a वऴू नको माघारी
942 _cBOOK
999 _c88787
_d88787